Guns N' Roses Mr. Brownstone Lyrics - Statistics

General Stats
  • This quiz has been taken 338 times
  • The average score is 226 of 317
Answer Stats
Answer % Correct
a
98%
I
98%
i
98%
do
95%
Mr.
94%
Brownstone
92%
get
91%
and
90%
up
90%
dancin'
89%
he
89%
around
88%
nine
88%
no
88%
seven
88%
with
88%
we
86%
been
85%
me
85%
the
85%
on
84%
won't
84%
leave
83%
alone
82%
bed
82%
of
82%
about
81%
time
81%
go
80%
don't
79%
used
79%
my
78%
but
77%
he's
77%
little
77%
worry
77%
nothin'
76%
knockin'
74%
more
73%
waste
73%
'cause
67%
got
67%
outta
66%
bus
65%
eleven
64%
so
63%
better
57%
just
57%
stage
56%
wouldn't
55%
before
52%
drink
51%
tryin'
51%
keep
50%
starts
50%
than
50%
it
49%
show
49%
feelin'
48%
fine
48%
usually
47%
sippin'
45%
ta
42%
now
40%
said
39%
that
39%
real
36%
whenever
35%
man
34%
old
34%
at
32%
down
29%
gonna
29%
him
29%
in
27%
line
27%
kick
26%
worryin's
21%
oh
16%
all
14%
mothafucker
12%
stuck
12%
middle
11%
mind
9%
behind
8%
shot
8%
drove
6%
never
6%
her
5%
known
5%
met
4%
should've
4%
wish
3%
yowsa
3%
No matching quizzes found
Score Distribution
Percent of People with Each Score
Percentile by Number Answered
Your Score History
You have not taken this quiz